Laufey guess the song - Statistics

General Stats
  • This quiz has been taken 75 times
  • The average score is 33 of 117
Answer Stats
Hint Answer % Correct
- I
86%
- You
70%
- Be
63%
- The
63%
- To
54%
- And
50%
- It
46%
- We
45%
- Who
39%
- When
38%
- Where
36%
- So
32%
- Are
30%
- In
30%
- Then
30%
- Like
29%
- That
29%
- Or
25%
- Cant
23%
- But
21%
- For
21%
- This
21%
- At
18%
- Way
18%
- Were
18%
- Seem
16%
- Some
16%
- Time
16%
- Before
14%
- Knows
14%
- Loved
14%
- Again
13%
- First
13%
- Remember
13%
- Happened
11%
- Looked
11%
- Other
11%
- Same
11%
- Seems
11%
- We’ve
11%
- Clothes
9%
- Each
9%
- Happening
9%
- Met
9%
- Smile
9%
- Stood
9%
- Talked
9%
- Things
9%
- Wore
9%
- Laughed
7%
- Smiling
7%
- Wearing
7%
No matching quizzes found
Score Distribution
Percent of People with Each Score
Percentile by Number Answered
Your Score History
You have not taken this quiz